000 00548nam a22001817a 4500
005 20251108170921.0
008 250721s1998 xx 000 0 ara d
082 1 4 _aط/511.2/عد
245 1 0 _aالعد /
264 1 _aبيروت :
_bمكتبة لبنان ناشرون،
_c1998.
300 _a17ص.
490 0 _aكتب الفراشه : سلسلة خطوتي الأولى
650 1 7 _aالأعداد
650 1 7 _aالحساب
653 _aأطفال ما قبل المدرسة ( 0 - 5 سنوات )
942 _2ddc
_cBK
999 _c52056
_d52056